World Countries With The Most Forest Area Quiz Stats

 Plays Quiz not verified by Sporcle

Score 0/10 Timer 04:00
0 Plays Today
Rank Country % Correct
1Russia
98.1%
2Brazil
97.8%
3Canada
97.3%
4USA
95.9%
5China
94.3%
6Australia
74.8%
8Indonesia
66.2%
10Peru
60.9%
7Democratic Republic of the Congo
60.8%
9Angola
28.7%

You're not logged in!

Compare scores with friends on all Sporcle quizzes.
OR
Log In

Show Comments

Extras

Top Quizzes Today


Score Distribution

Your Account Isn't Verified!

In order to create a playlist on Sporcle, you need to verify the email address you used during registration. Go to your Sporcle Settings to finish the process.

Report this User

Report this user for behavior that violates our Community Guidelines.

Details: